Историко-теоретические проблемы искусства: сборник научных трудов

Podrobná bibliografie
Korporativní autor: Молдавский государственный институт искусств
Další autoři: Шашков Н. И. (редактор)
Jazyk:ruština
Vydáno: Кишинев, Штиинца, 1987
Témata:
Médium: Kniha
KOHA link:https://koha.lib.tpu.ru/cgi-bin/koha/opac-detail.pl?biblionumber=338670

MARC

LEADER 00000nam0a2200000 4500
001 338670
005 20231102005053.0
020 |a RU  |b 87-72139 
035 |a (RuTPU)RU\TPU\book\365173 
090 |a 338670 
100 |a 20171130d1987 km y0rusy5003 ca 
101 0 |a rus 
102 |a MD 
105 |a y z 001zy 
200 1 |a Историко-теоретические проблемы искусства  |e сборник научных трудов  |f Кишиневский гос. ин-т искусств им. Г. Музическу ; Молдавский государственный институт искусств ; под ред. Н. И. Шашкова 
210 |a Кишинев  |c Штиинца  |d 1987 
215 |a 127 с. 
320 |a Библиогр. в конце ст. 
606 1 |a Искусство  |x Теория  |x Философия  |2 stltpush  |3 (RuTPU)RU\TPU\subj\13189  |9 39840 
610 1 |a история 
610 1 |a эстетика 
610 1 |a эстетический идеал 
610 1 |a фольклор 
610 1 |a модернизм 
610 1 |a авангардизм 
610 1 |a сюрреализм 
675 |a 7.01  |z rus  |v 3 
702 1 |a Шашков  |b Н. И.  |4 340 
712 0 2 |a Молдавский государственный институт искусств  |2 stltpush  |3 (RuTPU)RU\TPU\col\19401  |9 27477 
801 0 |a RU  |b RuMRKP  |c 19950417  |g psbo 
801 1 |a RU  |b 63413507  |c 20171130 
801 2 |a RU  |b 63413507  |c 20171130  |g RCR 
942 |c BK